01013cam a2200229 a 4500001000500000005001700005020001800022040002300040050001400063082001000077100003000087245011900117250004700236260003600283300005000319505000800369520030600377521002300683521002000706650003500726700002200761353720241216113100.0 a9780545292818 aDLCcDLCdDLCbeng00aE221.S72500a973.31 aGeorge, Judith ST d1931-14aThe journey of the one and only declaration of independence /cJudith St. George ; illustrated by Will Hillenbrand aFirst Scholastic printing, September 2010  aNew York :bScholastic , c2005 a43 pages : bcolor illustrations ; c24 cm .  aU  aIn 1776 Thomas Jefferson put his quill to paper and the Declaration of Independence sprang to life. Follow the Declaration's journey over the next two centuries, surviving eight wars and travelling through five states on horseback, boat, railcar, and tank to its current home in the National Archives. a820 bLexile AD  aU bRaz-Plus  aRevolutionary WarvNon-fiction1 aHillenbrand, Will